Introductory mathematics for economics and business (Record no. 6938)

MARC details
000 -LEADER
fixed length control field 00574nam a22002057a 4500
003 - CONTROL NUMBER IDENTIFIER
control field OSt
005 - DATE AND TIME OF LATEST TRANSACTION
control field 20210514153519.0
008 - FIXED-LENGTH DATA ELEMENTS--GENERAL INFORMATION
fixed length control field 210514b ||||| |||| 00| 0 eng d
020 ## - INTERNATIONAL STANDARD BOOK NUMBER
International Standard Book Number 9780333576502
040 ## - CATALOGING SOURCE
Transcribing agency DDC
082 ## - DEWEY DECIMAL CLASSIFICATION NUMBER
Classification number 510 HOL 1992
100 ## - MAIN ENTRY--PERSONAL NAME
Personal name Holden, K; Pearson A.W
9 (RLIN) 14235
245 ## - TITLE STATEMENT
Title Introductory mathematics for economics and business
250 ## - EDITION STATEMENT
Edition statement 2nd ed.
260 ## - PUBLICATION, DISTRIBUTION, ETC. (IMPRINT)
Place of publication, distribution, etc. Basingstoke :
Name of publisher, distributor, etc. Macmillan;
Date of publication, distribution, etc. 1992
300 ## - PHYSICAL DESCRIPTION
Extent xii, 511 p. :
Other physical details ill. ;
Dimensions 22 cm
650 ## - SUBJECT ADDED ENTRY--TOPICAL TERM
Topical term or geographic name as entry element Mathematics .
9 (RLIN) 810
650 ## - SUBJECT ADDED ENTRY--TOPICAL TERM
Topical term or geographic name as entry element Economics, Mathematical.
9 (RLIN) 14185
942 ## - ADDED ENTRY ELEMENTS (KOHA)
Source of classification or shelving scheme Dewey Decimal Classification
Koha item type Book
Holdings
Withdrawn status Lost status Source of classification or shelving scheme Damaged status Not for loan Home library Current library Date acquired Source of acquisition Inventory number Total Checkouts Full call number Barcode Date last seen Price effective from Koha item type Public note
    Dewey Decimal Classification     MUST Main Library MUST Main Library 14/05/2021 Purchase 21/41430   510 HOL 1992 2021-0522 14/05/2021 14/05/2021 Book Material in Hard copy
    Dewey Decimal Classification     MUST Main Library MUST Main Library 22/10/2021 Purchase 21/41582   330.0151HOL 1983 2021-1491 22/10/2021 22/10/2021 Open Shelf